000
00290nam a22001337a 4500
008
170220b xxu||||| |||| 00| 0 eng d
020
_a
9780323045889
041
_a
eng
080
_2
8ed
_a
615
100
_a
5
101
_a
shf
245
_a
CALCULATIOM DRUG DOSAGE
_c
OGDEN
942
_2
udc
_c
BK
999
_c
5800
_d
5800